La enseñanza social de la Iglesia: síntesis, actualización y nuevos retos
Uloženo v:
| Hlavní autor: | |
|---|---|
| Médium: | Kniha |
| Jazyk: | španělština |
| Vydáno: |
Madrid
Ediciones Palabra
2006
|
| Témata: | |
| Tagy: |
Přidat tag
Žádné tagy, Buďte první, kdo vytvoří štítek k tomuto záznamu!
|
MARC
| LEADER | 00000cam a2200000 a 4500 | ||
|---|---|---|---|
| 001 | UCF0949 | ||
| 003 | CL-VaPUC | ||
| 008 | 120614e20060000SP |||||||||||||||||spa|d | ||
| 020 | |a 8482399276 | ||
| 082 | 0 | 4 | |a 261 |b SCH |2 21 |
| 100 | 0 | |a Schooyans, Michel |e author |9 562601 | |
| 245 | 1 | 3 | |a La enseñanza social de la Iglesia: síntesis, actualización y nuevos retos |
| 300 | |a 266 p | ||
| 942 | |c BK | ||
| 945 | |d 20120614 00:00:00 |a dcastane | ||
| 260 | |a Madrid |b Ediciones Palabra |c 2006 | ||
| 650 | 0 | |a Doctrina social de la iglesia |9 257333 | |
| 650 | 0 | |a Problemas sociales |9 258537 | |
| 650 | 0 | |a Capitalismo |9 255255 | |
| 650 | 0 | |a Política social |9 257588 | |
| 583 | |a last modification |c 20130325 04:25:38 |k Rodrigo Vera | ||
| 999 | |c 347981 |d 347979 | ||
| 952 | |0 0 |1 0 |4 0 |6 261_000000000000000_SCH_2006 |7 0 |8 A |9 449814 |a BIBTEO |b BIBTEO |d 2019-11-22 |i 4875605 |l 1 |o 261 SCH 2006 |p 4875605 |r 2025-01-17 |s 2024-03-07 |w 2019-11-22 |y BK |k ICR | ||